Οι νέοι και η πολιτική : διήμερο πολιτικής φιλοσοφίας

Αποθηκεύτηκε σε:
Λεπτομέρειες βιβλιογραφικής εγγραφής
Συγγραφή απο Οργανισμό/Αρχή: Εταιρεία Αριστοτελικών Μελετών "Το Λύκειον"
Άλλοι συγγραφείς: Κούτρας, Δημήτριος Ν., 1936-2015 (Επιμελητής έκδοσης)
Μορφή: Βιβλίο
Γλώσσα:Greek
Δημοσίευση: Αθήνα : Τυπωθήτω, 1998.
Θέματα:
Ετικέτες: Προσθήκη ετικέτας
Δεν υπάρχουν, Καταχωρήστε ετικέτα πρώτοι!

MARC

LEADER 00000cam a2200000 i 4500
001 1/99079
008 000126s1998 gr | ||| |||| ||gre||
020 |a 9607643739 
035 |l 10056746 
040 |a GR-MyUa  |b gre  |e AACR2 
041 0 |a gre 
082 7 |a 320.01   |2 (22) 
245 0 3 |a Οι νέοι και η πολιτική :   |b διήμερο πολιτικής φιλοσοφίας /   |c επιμέλεια εκδόσεως Δημήτριος Ν. Κούτρας.  
260 |a Αθήνα :   |b Τυπωθήτω,   |c 1998.  
300 |a 270 σ. ;   |c 24 εκ.  
500 |a Άνω του τίτλου: Εταιρεία Αριστοτελικών Μελετών "Το Λύκειον". 
504 |a Περιλαμβάνει βιβλιογραφίες. 
650 0 0 |a Political science  |x Philosophy  |x Congresses. 
700 1 |a Κούτρας, Δημήτριος Ν.,   |d 1936-2015,  |e edt 
710 2 |a Εταιρεία Αριστοτελικών Μελετών "Το Λύκειον". 
852 |a INST  |b LESVOS  |e 20000126  |h 320.01 ΝΕΟ  |p 005100022536  |q 005100022536  |t BK  |y 4  |x 20230327 
852 |a INST  |b RHODES  |e 20000210  |h 320.01 ΝΕΟ  |p 005400014013  |q 005400014013  |t BK  |y 0 
852 |a INST  |b SYROS  |e 20010221  |h 320.01 ΝΕΟ  |p 005500001387  |q 005500001387  |t BK  |y 0 
901 |a BIBL5-2001-1 
901 |a BIBL1-2000-1 
901 |a BIBL4-2000-1 
970 |a ΚΑΜΑΤΣΟΥ  |b ΔΕΣΠΟΙΝΑ  |z 2000/01/26